Fuzáriá v zrnách obilnín

Podrobná bibliografia
Hlavný autor: Hudec, Kamil, 1973- (Autor)
Médium: Článok
Jazyk:slovenčina
Fyzický popis:Fotogr.
ISSN:1335-440X
Predmet:

MARC

LEADER 00000nab a2200000 ar4500
001 vtls010170082
003 SK-MaSNL
005 20260304233904.0
008 100920c20100806xo ||||||||||||00 b|slo
015 |a SNBRB2010/09  |2 snkbucl 
038 |a SNKBUCL 
040 |a SNKBUCL  |b slo  |c SNKBUCL  |e AACR2 
041 0 |a slo 
044 |a xo  |c SK 
080 |a 632.4:633.1  |2 1997 
080 |a 633.1  |2 1997 
080 |a 615.918:582.28  |2 1997 
100 1 |a Hudec, Kamil,  |d 1973-  |4 aut  |9 179592 
245 1 0 |a Fuzáriá v zrnách obilnín  |c Kamil Hudec 
300 |b Fotogr. 
650 0 7 |a obilniny  |2 snkbucl  |9 19007 
650 0 7 |a fuzariózy  |2 snkbucl  |9 18405 
650 0 7 |a fuzárium  |2 snkbucl  |9 25850 
650 0 7 |a mykotoxíny  |2 snkbucl  |9 16073 
773 0 |t Sme. Roľnícke noviny  |g Č. 174 (6.8.2010)  |x 1335-440X 
773 0 8 |i Príl.:  |t agronóm  |g Roč. I, č. 3 (2010), s. 7 
852 |a SNK  |b KIS3GCP 
958 |a ME 
999 |c 3200722  |d 3202652